000
00493nam a2200181Ia 4500
008
100917s9999 xx 000 0 und d
082
_b
9035
100
_a
बुवा. वि. आ.
245
_a
कशासाठी पैशासाठी
260
_b
---
300
_a
98
365
_b
4
520
_a
कथा
630
_a
कशासाठी पैशासाठी
650
_a
कथा
730
_a
कशासाठी पैशासाठी
942
_c
BOOK
999
_c
614429
_d
614426